| 000 | 00473nam a2200181Ia 4500 | ||
|---|---|---|---|
| 008 | 230711s9999||||xx |||||||||||||| ||und|| | ||
| 020 | _a978-81-265-3409-8 | ||
| 041 | _aENG | ||
| 082 |
_a621.382 _bMI-F |
||
| 100 | _aMishra,Vivekanand | ||
| 245 | 0 |
_aFiber-optic communication _bSystems and components |
|
| 250 | _a1st . Ed. | ||
| 260 |
_c2012 _aNew Delhi _bWiley & Sons |
||
| 300 | _a378p. | ||
| 650 | _aElectrical Engineering | ||
| 700 | _aUgale,Sunita P | ||
| 942 | _cBK | ||
| 999 |
_c5984 _d5984 |
||